| 000 | 01551nam0a22003371 4500 | ||
|---|---|---|---|
| 001 | rc\2277605 | ||
| 005 | 20110829191353.2 | ||
| 035 | _a(NLR Aleph) 006557415 | ||
| 090 |
_a6806802 _c6806802 |
||
| 100 | _a20110829d1979 |||y0rusy50 ca | ||
| 101 | 0 | _arus | |
| 102 | _aRU | ||
| 105 | _ay j ||||| | ||
| 200 | 1 |
_aОсновы правоведения _eУчебник для учеб. заведений проф.-техн. образования _f[Подгот. А.Я. Сухарев, И.С. Самощенко, М.Г. Кириченко и др. _gРедкол.: М.Г. Кириченко и др.] |
|
| 210 |
_aМосква _cЮрид. лит. _d1979 |
||
| 215 |
_a231 с. _d21 |
||
| 300 | _aВ надзаг.: Гос. ком. СССР по проф.-техн. образованию, М-во юстиции СССР | ||
| 300 | _aАвт. указаны на обороте тит. л. | ||
| 606 |
_aСоветское социалистическое право _jУчебники и пособия _2psbo |
||
| 686 |
_aХ62я722-1 _2rubbk |
||
| 686 |
_a67.99(2) _2rubbk |
||
| 702 | 1 |
_aСамощенко _bИ. С. _4220 |
|
| 702 | 1 |
_aКириченко _bМ. Г. _gМихаил Гаврилович _4570 |
|
| 702 | 1 |
_aСухарев _bА. Я. _gАлександр Яковлевич _4220 |
|
| 712 | 0 | 1 |
_aСССР _bКом. по проф.-техн. образованию _3RU\NLR\AUTH\8810020607 |
| 801 | 0 |
_aRU _bNLR _gpsbo |
|
| 801 | 1 |
_aRU _bELAR _2rusmarc |
|
| 852 |
_aNLR _j79-3/9424 |
||
| 899 |
_aRuMoRGB _jM 79-20/73 |
||
| 942 | _cBOOK | ||
| 980 | _aNB | ||